三十而立兒童燙傷的預防、治療與重建 : (Record no. 7124)
[ view plain ]
| 000 -記錄標示(系統產生) | |
|---|---|
| fixed length control field | 01293cam a2200337 i 4500 |
| 020 ## - ISBN | |
| ISBN | 9789869706407 |
| 100 1# - 主要款目 | |
| 第一作者姓名 | 梁妃儀 |
| 245 10 - 書籍基本資料 | |
| 書名 | 三十而立兒童燙傷的預防、治療與重建 : |
| 副標題 | 中華民國兒童燙傷基金會三十週年專刊 = 30 years of childhood burn foundation of the Republic of China / |
| 作者名稱 | 梁妃儀, 董光義作 |
| 250 ## - 書籍版本資料 | |
| 書籍版本 | 初版 |
| 260 ## - 書籍出版資料 | |
| 出版地 | 臺北市 : |
| 出版者 | 財團法人中華民國兒童燙傷基金會 |
| 出版年 | 2018. |
| 300 ## - 外觀規格(長、寬、高) | |
| 數量(面數, 冊數或其他) | 239面 : |
| 插圖及其他 | 彩圖, 表 ; |
| 高廣尺寸 | 24公分 |
| 942 ## - 其他項目(KOHA) | |
| 分類法來源 | 中文圖書分類法 |
| 館藏類型設定 | 一般圖書 |
| 撤銷狀態 | 遺失狀態 | 分類號來源 | 損壞狀態 | 不外借 | 永久館藏地 | 現在館藏地 | 採購日期 | 所有借閱數 | 完整索書號 | 條碼號 | 最後一次日期記錄 | 一般價格有效日期 | Koha館藏類型 | 公開資訊 |
|---|---|---|---|---|---|---|---|---|---|---|---|---|---|---|
| 未註銷館藏 | 未遺失 | 中文圖書分類法 | 未損毀 | 可外借 | 怡仁綜合醫院圖書館 | 怡仁綜合醫院圖書館 | 2020-08-06 | 415.223 | C02718 | 2020-08-06 | 2020-08-06 | 一般圖書 | 浴火的孩子,生理及心理的重建過程必定是痛苦的。基金會所能做的,是提供協助與陪伴,讓孩子知道許多同樣處境的傷友也不斷努力著復原。而自己,並不孤單… |